|
|
|
|
| LEADER |
02469nam a2200721 4500 |
| 001 |
ocn844790158 |
| 003 |
OCoLC |
| 005 |
20170124070928.1 |
| 006 |
m o d |
| 007 |
cr ||||||||||| |
| 008 |
130524s2013 nju o 001 0 eng |
| 010 |
|
|
|a 2013021160
|
| 040 |
|
|
|a DLC
|b eng
|e rda
|c DLC
|d YDX
|d N$T
|d DG1
|d YDXCP
|d OSU
|d E7B
|d CDX
|d EBLCP
|d IDEBK
|d MHW
|d COO
|d UKDOC
|d CNSPO
|d DEBSZ
|d OCLCQ
|d DEBBG
|d GrThAP
|
| 019 |
|
|
|a 861559407
|a 872703032
|a 873482618
|a 905746546
|
| 020 |
|
|
|a 9781118354087 (ePub)
|
| 020 |
|
|
|a 1118354087 (ePub)
|
| 020 |
|
|
|a 9781118354070 (MobiPocket)
|
| 020 |
|
|
|a 1118354079 (MobiPocket)
|
| 020 |
|
|
|a 9781118354094 ( Adobe PDF)
|
| 020 |
|
|
|a 1118354095 ( Adobe PDF)
|
| 020 |
|
|
|z 9781118354117 (cloth)
|
| 020 |
|
|
|a 9781118354100
|
| 020 |
|
|
|a 1118354109
|
| 020 |
|
|
|a 9781306069106 (MyiLibrary)
|
| 020 |
|
|
|a 1306069106 (MyiLibrary)
|
| 020 |
|
|
|a 1118354117
|
| 020 |
|
|
|a 9781118354117
|
| 029 |
1 |
|
|a AU@
|b 000051254179
|
| 029 |
1 |
|
|a CHBIS
|b 010131778
|
| 029 |
1 |
|
|a CHVBK
|b 314711597
|
| 029 |
1 |
|
|a NZ1
|b 15495663
|
| 029 |
1 |
|
|a NLGGC
|b 370255836
|
| 029 |
1 |
|
|a NZ1
|b 15905573
|
| 029 |
1 |
|
|a DEBSZ
|b 431544735
|
| 029 |
1 |
|
|a GBVCP
|b 790210258
|
| 029 |
1 |
|
|a DEBBG
|b BV043395950
|
| 035 |
|
|
|a (OCoLC)844790158
|z (OCoLC)861559407
|z (OCoLC)872703032
|z (OCoLC)873482618
|z (OCoLC)905746546
|
| 037 |
|
|
|a 538161
|b MIL
|
| 042 |
|
|
|a pcc
|
| 050 |
0 |
0 |
|a TX558.O3
|
| 072 |
|
7 |
|a CKB
|x 000000
|2 bisacsh
|
| 082 |
0 |
0 |
|a 641.3/313
|2 23
|
| 049 |
|
|
|a MAIN
|
| 245 |
0 |
0 |
|a Oats nutrition and technology /
|c edited by Yi-Fang Chu.
|
| 264 |
|
1 |
|a Hoboken, NJ :
|b Wiley-Blackwell,
|c 2013.
|
| 300 |
|
|
|a 1 online resource.
|
| 336 |
|
|
|a text
|2 rdacontent
|
| 337 |
|
|
|a computer
|2 rdamedia
|
| 338 |
|
|
|a online resource
|2 rdacarrier
|
| 500 |
|
|
|a Includes index.
|
| 588 |
|
|
|a Description based on print version record and CIP data provided by publisher.
|
| 504 |
|
|
|a Includes bibliographical references and index.
|
| 650 |
|
0 |
|a Oats.
|
| 650 |
|
0 |
|a Oats as food.
|
| 650 |
|
0 |
|a Oats
|x Analysis.
|
| 650 |
|
0 |
|a Oats
|x Processing.
|
| 650 |
|
7 |
|a COOKING
|x General.
|2 bisacsh
|
| 655 |
|
4 |
|a Electronic books.
|
| 655 |
|
0 |
|a Electronic books.
|
| 700 |
1 |
|
|a Chu, Yi-Fang,
|e editor of compilation.
|
| 776 |
0 |
8 |
|i Print version:
|t Oats nutrition and technology
|d Chichester, West Sussex : John Wiley & Sons Inc., 2013
|z 9781118354117
|w (DLC) 2013018937
|
| 856 |
4 |
0 |
|u https://doi.org/10.1002/9781118354100
|z Full Text via HEAL-Link
|
| 994 |
|
|
|a 92
|b DG1
|